[Event "16th South Wales Int 2019"]
[Site "Bridgend"]
[Date "2019.07.11"]
[Round "7.10"]
[White "Blackburn, Jonathan L B"]
[Black "Garcia, Jason"]
[Result "1-0"]
[WhiteElo "2217"]
[BlackElo "2053"]
[PlyCount "123"]
[EventDate "2019.07.07"]
[EventType "swiss"]
[EventRounds "9"]
[EventCountry "WLS"]

1. d4 d5 2. c4 e6 3. Nf3 Nf6 4. g3 Bb4+ 5. Bd2 Be7 6. Bg2 c6 7. O-O O-O 8. b3
b6 9. Bf4 Ne4 10. Qc2 Bb7 11. Nc3 f5 12. Rad1 Nxc3 13. Qxc3 Na6 14. Qe3 Bc8 15.
Ng5 Qd7 16. h4 Bd6 17. Qxe6+ Qxe6 18. Nxe6 Bxe6 19. Bxd6 Rfd8 20. c5 b5 21. f3
Nb8 22. e4 Nd7 23. exf5 Bxf5 24. g4 Be6 25. Kf2 Nf6 26. Be7 Re8 27. Bxf6 gxf6
28. Rfe1 Kf7 29. Kg3 h6 30. Bh3 a5 31. Bf1 Bd7 32. Bd3 b4 33. Bc2 Rxe1 34. Rxe1
Rg8 35. Kf4 Ra8 36. h5 Kf8 37. Bf5 Be8 38. Re6 Kf7 39. Rd6 Ke7 40. Re6+ Kf7 41.
Re3 Kf8 42. Bc2 Bd7 43. Re1 Ra6 44. Ra1 Ra8 45. a3 Rb8 46. Ke3 Re8+ 47. Kd2
bxa3 48. Rxa3 f5 49. gxf5 Kg7 50. Rxa5 Kf6 51. Ra7 Bxf5 52. Bxf5 Kxf5 53. Rg7
Kf4 54. Rg6 Kxf3 55. Rxh6 Ke4 56. Kc3 Rg8 57. Re6+ Kf5 58. Rxc6 Rg3+ 59. Kb4
Ke4 60. Rg6 Rh3 61. h6 Kxd4 62. c6 1-0

[Event "16th South Wales Int 2019"]
[Site "Bridgend"]
[Date "2019.07.11"]
[Round "7.11"]
[White "Brown, Thomas"]
[Black "Jones, Derek"]
[Result "1/2-1/2"]
[WhiteElo "2092"]
[BlackElo "1937"]
[PlyCount "62"]
[EventDate "2019.07.07"]
[EventType "swiss"]
[EventRounds "9"]
[EventCountry "WLS"]

1. d4 Nf6 2. c4 e6 3. Nc3 d5 4. Nf3 Be7 5. Bg5 h6 6. Bxf6 Bxf6 7. Qd2 O-O 8. e4
c5 9. cxd5 cxd4 10. Nxd4 Qb6 11. Nf3 Bxc3 12. bxc3 exd5 13. exd5 Re8+ 14. Be2
Qb5 15. Rc1 Qc4 16. Kf1 Qc5 17. c4 Nd7 18. g3 Nf6 19. Kg2 Bg4 20. Bd3 Bxf3+ 21.
Kxf3 Nxd5 22. Bh7+ Kxh7 23. cxd5 Qd6 24. Rhd1 Rad8 25. Qc2+ Kg8 26. Qc7 Re7 27.
Qxd6 Rxd6 28. Rc8+ Kh7 29. Rc5 Rf6+ 30. Kg4 Rg6+ 31. Kf3 Rf6+ 1/2-1/2

[Event "16th South Wales Int 2019"]
[Site "Bridgend"]
[Date "2019.07.11"]
[Round "7.12"]
[White "Bird, Joel"]
[Black "Waddington, Mike P"]
[Result "1-0"]
[WhiteElo "1988"]
[BlackElo "2014"]
[PlyCount "165"]
[EventDate "2019.07.07"]
[EventType "swiss"]
[EventRounds "9"]
[EventCountry "WLS"]

1. e4 e6 2. d4 d5 3. Nc3 Nf6 4. e5 Nfd7 5. f4 c5 6. Nf3 Nc6 7. Be3 cxd4 8. Nxd4
Bc5 9. Qd2 O-O 10. O-O-O Bxd4 11. Bxd4 a6 12. h4 b5 13. h5 Nxd4 14. Qxd4 Qb6
15. Kb1 Qxd4 16. Rxd4 f6 17. exf6 Nxf6 18. a4 bxa4 19. Rxa4 Bb7 20. Rb4 Ra7 21.
h6 g6 22. Bd3 Nd7 23. Re1 Kf7 24. g3 Bc6 25. Ne2 a5 26. Rb3 Nf6 27. Nd4 Bd7 28.
Rb6 Ng4 29. Nxe6 Bxe6 30. Rexe6 Nxh6 31. Rf6+ Kg7 32. Rxf8 Kxf8 33. Rd6 Ke7 34.
Rxd5 Ke6 35. Re5+ Kd6 36. Ka2 Ng4 37. Re2 Nf6 38. Ka3 Nh5 39. Re3 Kd5 40. c3
Kc5 41. b3 Rd7 42. Be2 Nf6 43. Re5+ Rd5 44. Re3 Rd8 45. Bf3 Rd6 46. Ka4 Kb6 47.
Ka3 Nd7 48. Be2 Nc5 49. Bc4 Rd2 50. b4 axb4+ 51. cxb4 Nb7 52. Kb3 Nd6 53. Bd3
Rd1 54. Kc2 Rg1 55. Kc3 Rc1+ 56. Kd4 Kc6 57. Re7 Rd1 58. Rxh7 Nf5+ 59. Kc3 Nxg3
60. Rg7 Nh5 61. Rxg6+ Kc7 62. f5 Nf4 63. Rg3 Nxd3 64. Rxd3 Rf1 65. Rd5 Kc6 66.
Rc5+ Kd6 67. Kc4 Rf4+ 68. Kb5 Re4 69. Rc6+ Kd7 70. f6 Re1 71. Kb6 Re8 72. b5
Rb8+ 73. Kc5 Rh8 74. Kb6 Rb8+ 75. Ka6 Ke8 76. b6 Ra8+ 77. Kb7 Ra1 78. Kb8 Kd7
79. Rc7+ Kd6 80. f7 Rf1 81. b7 Rf2 82. Rc8 Rxf7 83. Ka8 1-0

[Event "16th South Wales Int 2019"]
[Site "Bridgend"]
[Date "2019.07.11"]
[Round "7.13"]
[White "Camp, Imogen A L"]
[Black "Hewitt, William"]
[Result "1/2-1/2"]
[WhiteElo "1850"]
[BlackElo "2005"]
[PlyCount "56"]
[EventDate "2019.07.07"]
[EventType "swiss"]
[EventRounds "9"]
[EventCountry "WLS"]

1. d4 Nf6 2. Nf3 g6 3. Bf4 Bg7 4. h3 O-O 5. e3 d6 6. Bd3 b6 7. O-O Bb7 8. Nbd2
Nbd7 9. e4 Nh5 10. Be3 e5 11. c4 Qe7 12. Qc2 c5 13. dxe5 dxe5 14. Rfe1 h6 15.
Nh2 Nf4 16. Nb1 Qg5 17. Bxf4 exf4 18. Nf3 Qe7 19. Nc3 g5 20. Nd5 Qd6 21. Rad1
Rfe8 22. Be2 Ne5 23. b3 Rad8 24. Nh2 Nc6 25. Bg4 Nd4 26. Qd3 Bc8 27. Bxc8 Rxc8
28. Ng4 Be5 1/2-1/2

[Event "16th South Wales Int 2019"]
[Site "Bridgend"]
[Date "2019.07.11"]
[Round "7.14"]
[White "Wilson, Matthew R"]
[Black "Bevan, Peter M"]
[Result "1-0"]
[WhiteElo "1817"]
[BlackElo "1942"]
[PlyCount "151"]
[EventDate "2019.07.07"]
[EventType "swiss"]
[EventRounds "9"]
[EventCountry "WLS"]

1. Nf3 c5 2. e4 Nc6 3. Bb5 g6 4. Bxc6 dxc6 5. d3 Bg7 6. O-O e5 7. Be3 b6 8. a4
a5 9. Na3 Ba6 10. Qd2 Ne7 11. Bh6 Bf6 12. b3 Qc7 13. Bg5 Bg7 14. Bh6 O-O 15.
Nc4 f6 16. h4 Nc8 17. h5 Nd6 18. Rab1 Rad8 19. Qe3 Bxh6 20. Qxh6 Nf7 21. Qe3
Rd7 22. hxg6 hxg6 23. Nh4 Kg7 24. f4 exf4 25. Qxf4 Qxf4 26. Rxf4 Bxc4 27. bxc4
Rb7 28. Rbf1 Ng5 29. Rg4 Re8 30. Re1 Rbe7 31. Rb1 Rb7 32. Re1 Rbe7 33. Rb1 Rb7
34. Nf3 Nf7 35. Kf2 Reb8 36. Nh4 Ne5 37. Rg3 Kf7 38. Nf3 Nxf3 39. gxf3 b5 40.
cxb5 cxb5 41. axb5 Rxb5 42. Ra1 Rb2 43. Rxa5 Rxc2+ 44. Ke3 Rb7 45. Rh3 Rcb2 46.
Rh7+ Ke6 47. Rxb7 Rxb7 48. Rxc5 g5 49. Ra5 Rb6 50. Kd4 Rd6+ 51. Kc4 Rc6+ 52.
Rc5 Ra6 53. Rb5 Rc6+ 54. Kd4 Rd6+ 55. Ke3 Ra6 56. Rb3 Kd6 57. d4 Ke6 58. Rd3
Kd6 59. Kf2 Ra1 60. Rb3 Ra6 61. Kg3 Ke6 62. Kg4 Rd6 63. d5+ Ke5 64. Rd3 Rd8 65.
d6 Rxd6 66. Rxd6 Kxd6 67. Kf5 Ke7 68. e5 fxe5 69. Kxe5 g4 70. fxg4 Kf7 71. Kf5
Kg7 72. Kg5 Kf7 73. Kh6 Kg8 74. g5 Kh8 75. g6 Kg8 76. g7 1-0

[Event "16th South Wales Int 2019"]
[Site "Bridgend"]
[Date "2019.07.11"]
[Round "7.15"]
[White "Davis, Lee"]
[Black "Whitehead, Mark A"]
[Result "1/2-1/2"]
[WhiteElo "1937"]
[BlackElo "1887"]
[PlyCount "35"]
[EventDate "2019.07.07"]
[EventType "swiss"]
[EventRounds "9"]
[EventCountry "WLS"]

1. d4 Nf6 2. g3 c5 3. Nf3 cxd4 4. Nxd4 Nc6 5. c4 g6 6. Bg2 Bg7 7. Nc3 O-O 8.
O-O Ne5 9. b3 d6 10. Bb2 Rb8 11. Qd2 Bd7 12. Rac1 a6 13. Rfd1 Nc6 14. Nd5 Nxd5
15. Nxc6 bxc6 16. Bxg7 Kxg7 17. cxd5 c5 18. e4 1/2-1/2

[Event "16th South Wales Int 2019"]
[Site "Bridgend"]
[Date "2019.07.11"]
[Round "7.16"]
[White "Parry, Matthew"]
[Black "Phillips, William"]
[Result "1/2-1/2"]
[WhiteElo "1909"]
[BlackElo "1847"]
[PlyCount "43"]
[EventDate "2019.07.07"]
[EventType "swiss"]
[EventRounds "9"]
[EventCountry "WLS"]

1. Nf3 Nf6 2. c4 e6 3. d4 b6 4. g3 Bb7 5. Bg2 c5 6. O-O cxd4 7. Nxd4 Bxg2 8.
Kxg2 Nc6 9. Nxc6 dxc6 10. Bg5 Be7 11. Nc3 Qc7 12. e4 h6 13. Bf4 e5 14. Be3 O-O
15. Qe2 Rad8 16. Rad1 Rxd1 17. Rxd1 Rd8 18. Rxd8+ Qxd8 19. f4 Nd7 20. Qd1 exf4
21. gxf4 Nf8 22. Qxd8 1/2-1/2

[Event "16th South Wales Int 2019"]
[Site "Bridgend"]
[Date "2019.07.11"]
[Round "7.18"]
[White "Harris, Calum"]
[Black "May, Adam J"]
[Result "0-1"]
[WhiteElo "1764"]
[BlackElo "1917"]
[PlyCount "70"]
[EventDate "2019.07.07"]
[EventType "swiss"]
[EventRounds "9"]
[EventCountry "WLS"]

1. e4 c6 2. d4 d5 3. Nd2 dxe4 4. Nxe4 Bf5 5. Ng3 Bg6 6. Nf3 Nd7 7. h4 h6 8. h5
Bh7 9. Bd3 Bxd3 10. Qxd3 e6 11. c3 Ngf6 12. O-O Be7 13. Bd2 O-O 14. Rae1 Re8
15. b4 Qc7 16. c4 Bd6 17. Ne4 Nxe4 18. Qxe4 Nf6 19. Qh4 Be7 20. g4 Ne4 21. Qh3
Nxd2 22. Nxd2 Bxb4 23. Re2 Rad8 24. Nf3 c5 25. g5 cxd4 26. gxh6 gxh6 27. Qh4 d3
28. Re4 Be7 29. Qh3 Kh7 30. Kh1 d2 31. Nxd2 Rxd2 32. Qe3 Rdd8 33. Rxe6 fxe6 34.
Qe4+ Kh8 35. Qg6 Qf4 0-1

[Event "16th South Wales Int 2019"]
[Site "Bridgend"]
[Date "2019.07.11"]
[Round "7.19"]
[White "Cannon, Richard J"]
[Black "Hirst, Joe"]
[Result "1-0"]
[WhiteElo "2013"]
[BlackElo "1632"]
[PlyCount "53"]
[EventDate "2019.07.07"]
[EventType "swiss"]
[EventRounds "9"]
[EventCountry "WLS"]

1. e4 c5 2. Nf3 e6 3. d4 cxd4 4. Nxd4 a6 5. Bd3 Bc5 6. Nb3 Ba7 7. O-O d6 8. Nc3
Nc6 9. Qe2 Nf6 10. Be3 Bxe3 11. Qxe3 O-O 12. Rad1 b5 13. f4 Nb4 14. e5 dxe5 15.
Bxh7+ Nxh7 16. Rxd8 Rxd8 17. fxe5 Nd5 18. Qf3 Ng5 19. Qh5 Nh7 20. Nxd5 exd5 21.
Qxf7+ Kh8 22. e6 Bxe6 23. Qxe6 d4 24. Nc5 Rac8 25. Nd3 Nf8 26. Qh3+ Kg8 27. Ne5
1-0

[Event "16th South Wales Int 2019"]
[Site "Bridgend"]
[Date "2019.07.11"]
[Round "7.20"]
[White "Hughes, Anthony"]
[Black "Spanton, Tim R"]
[Result "0-1"]
[WhiteElo "1900"]
[BlackElo "1900"]
[PlyCount "64"]
[EventDate "2019.07.07"]
[EventType "swiss"]
[EventRounds "9"]
[EventCountry "WLS"]

1. e4 c5 2. Nf3 g6 3. c3 Bg7 4. d4 cxd4 5. cxd4 d5 6. e5 Bg4 7. Bb5+ Nc6 8.
Bxc6+ bxc6 9. Nbd2 e6 10. O-O Ne7 11. Nb3 O-O 12. h3 Bxf3 13. Qxf3 f6 14. Nc5
fxe5 15. Qg4 Rf5 16. Nxe6 Qc8 17. Nxg7 Kxg7 18. Bh6+ Kh8 19. dxe5 Ng8 20. Be3
Qe6 21. Rfe1 Ne7 22. Rac1 Kg8 23. Bd4 h5 24. Qd1 Rg5 25. f4 Rf5 26. Rf1 Rf7 27.
g4 Rh7 28. Qf3 hxg4 29. hxg4 Rh4 30. f5 gxf5 31. gxf5 Nxf5 32. Qxf5 Rg4+ 0-1

[Event "16th South Wales Int 2019"]
[Site "Bridgend"]
[Date "2019.07.11"]
[Round "7.21"]
[White "Davies, Sam"]
[Black "Robinson, David"]
[Result "1/2-1/2"]
[WhiteElo "1705"]
[BlackElo "1840"]
[PlyCount "103"]
[EventDate "2019.07.07"]
[EventType "swiss"]
[EventRounds "9"]
[EventCountry "WLS"]

1. e4 d5 2. exd5 Qxd5 3. Nf3 Nf6 4. d4 Bf5 5. c4 Qd8 6. Nc3 e6 7. Bf4 c6 8. Be2
Bd6 9. Bxd6 Qxd6 10. Qb3 Qe7 11. O-O O-O 12. Rfe1 Na6 13. Rad1 Rfd8 14. Nh4 Bg6
15. Nxg6 hxg6 16. Bf3 Qb4 17. Qxb4 Nxb4 18. Rd2 Rd7 19. a3 Na6 20. b4 Rad8 21.
Red1 Nc7 22. Na4 Nce8 23. Nc5 Rc7 24. g3 Nd6 25. Be2 Nde4 26. Nxe4 Nxe4 27. Rd3
Rcd7 28. Bf3 Nf6 29. a4 e5 30. Bg2 Rxd4 31. Bf1 Rxd3 32. Rxd3 Rxd3 33. Bxd3 Kf8
34. f3 Ke7 35. Kf2 Ne8 36. Ke3 f5 37. h4 Kf6 38. f4 Nc7 39. Bf1 Ne6 40. Bg2 e4
41. Bf1 c5 42. b5 Nd4 43. Kd2 Ke6 44. Kc3 Kd6 45. Kd2 Kc7 46. a5 Nb3+ 47. Ke3
Nxa5 48. g4 Kd6 49. h5 fxg4 50. hxg6 Nb3 51. Bg2 Na5 52. Bf1 1/2-1/2

[Event "16th South Wales Int 2019"]
[Site "Bridgend"]
[Date "2019.07.11"]
[Round "7.22"]
[White "Miga, Tomasz"]
[Black "Borkowski, J Andrew"]
[Result "1/2-1/2"]
[WhiteElo "1593"]
[BlackElo "1769"]
[PlyCount "66"]
[EventDate "2019.07.07"]
[EventType "swiss"]
[EventRounds "9"]
[EventCountry "WLS"]

1. d4 d5 2. Nf3 c6 3. c4 e6 4. Nc3 f5 5. g3 Nf6 6. Bg5 Be7 7. Bxf6 Bxf6 8. Bg2
O-O 9. O-O Nd7 10. c5 b6 11. b4 e5 12. dxe5 Nxe5 13. Nxe5 Bxe5 14. Rc1 Bxc3 15.
Rxc3 b5 16. Re3 Kh8 17. Qd4 a5 18. a3 axb4 19. axb4 Ra7 20. Ra1 Rxa1+ 21. Qxa1
Re8 22. Rxe8+ Qxe8 23. Qa8 Kg8 24. Kf1 Kf7 25. Ke1 Qe6 26. Qa7+ Bd7 27. Qc7 Ke7
28. Kd2 Qf6 29. Qf4 Qb2+ 30. Kd3 Qb3+ 31. Kd2 Qb2+ 32. Kd3 Qb1+ 33. Kd2 Qb2+
1/2-1/2

[Event "16th South Wales Int 2019"]
[Site "Bridgend"]
[Date "2019.07.11"]
[Round "7.23"]
[White "Pleasants, Allan J"]
[Black "Hurn, Robert Aj"]
[Result "1-0"]
[WhiteElo "2049"]
[BlackElo "1615"]
[PlyCount "55"]
[EventDate "2019.07.07"]
[EventType "swiss"]
[EventRounds "9"]
[EventCountry "WLS"]

1. e4 c5 2. Nf3 d6 3. Bb5+ Bd7 4. a4 Nc6 5. O-O Nf6 6. Re1 e6 7. c3 Be7 8. d4
cxd4 9. cxd4 d5 10. e5 Ne4 11. Nc3 Nxc3 12. bxc3 O-O 13. Bd3 Rc8 14. Bb1 f5 15.
exf6 Bxf6 16. Qd3 g6 17. Bh6 Bg7 18. Bxg7 Kxg7 19. Ra2 Qf6 20. Rae2 Rce8 21. c4
b6 22. Ne5 Nxe5 23. dxe5 Qf4 24. cxd5 Qxa4 25. Ra2 Qf4 26. dxe6 Bxe6 27. Rxa7+
Kh8 28. Rxh7+ 1-0

[Event "16th South Wales Int 2019"]
[Site "Bridgend"]
[Date "2019.07.11"]
[Round "7.24"]
[White "Ong, Weng Yan"]
[Black "Thomas, Roy"]
[Result "1-0"]
[WhiteElo "1624"]
[BlackElo "1708"]
[PlyCount "81"]
[EventDate "2019.07.07"]
[EventType "swiss"]
[EventRounds "9"]
[EventCountry "WLS"]

1. e4 c5 2. Nf3 Nc6 3. Bb5 Nf6 4. e5 Nd5 5. c3 g6 6. O-O Bg7 7. d4 cxd4 8. cxd4
O-O 9. Nc3 Nc7 10. Bc4 d6 11. Bf4 dxe5 12. dxe5 Bg4 13. Re1 Ne6 14. Bg3 Ned4
15. Be2 Nxe2+ 16. Qxe2 Nd4 17. Qe4 Bxf3 18. gxf3 Nc6 19. Rad1 Qb6 20. Re2 Rad8
21. Nd5 Qa5 22. Red2 Rfe8 23. b4 Qa4 24. Nxe7+ Kf8 25. Nxc6 Qxd1+ 26. Rxd1
Rxd1+ 27. Kg2 bxc6 28. Qxc6 Rdd8 29. Qc5+ Kg8 30. Qxa7 Ra8 31. Qd7 Red8 32. Qc6
Rdc8 33. Qb7 Rcb8 34. Qe4 Re8 35. b5 Rxa2 36. b6 Rb2 37. Qd4 Rb1 38. Qd7 Rb8
39. e6 R8xb6 40. exf7+ Kh8 41. Qe8+ 1-0

[Event "16th South Wales Int 2019"]
[Site "Bridgend"]
[Date "2019.07.11"]
[Round "7.25"]
[White "Williams, Ron"]
[Black "Chung, Daniel"]
[Result "0-1"]
[WhiteElo "1644"]
[BlackElo "1434"]
[PlyCount "118"]
[EventDate "2019.07.07"]
[EventType "swiss"]
[EventRounds "9"]
[EventCountry "WLS"]

1. d4 d5 2. Nc3 Nf6 3. Bf4 Bf5 4. f3 e6 5. g4 Bg6 6. h4 h5 7. g5 Nfd7 8. e3 Bb4
9. Bd3 Bxc3+ 10. bxc3 Bxd3 11. cxd3 Nc6 12. Ne2 e5 13. dxe5 Ndxe5 14. Ng3 Qd7
15. Bxe5 Nxe5 16. Rb1 b6 17. d4 Nc4 18. Kf2 O-O-O 19. Qd3 c6 20. Qf5 Qxf5 21.
Nxf5 g6 22. Ng3 Rde8 23. Rhe1 Kc7 24. e4 Kd6 25. e5+ Ke6 26. Re2 Rb8 27. a4
Rhe8 28. Nf1 Rec8 29. Ne3 Nxe3 30. Kxe3 c5 31. Rc2 cxd4+ 32. Kxd4 Rc4+ 33. Ke3
Rxa4 34. Rb4 Ra3 35. Rf4 Rb7 36. Kd4 Ra4+ 37. c4 Rxc4+ 38. Rxc4 dxc4 39. Rf6+
Ke7 40. e6 Kf8 41. Kxc4 Kg7 42. Kd5 fxe6+ 43. Rxe6 Rf7 44. Ke4 b5 45. Re5 Rb7
46. Kd3 Kf7 47. f4 b4 48. Kc2 b3+ 49. Kb2 Rb4 50. f5 Rxh4 51. fxg6+ Kxg6 52.
Kxb3 Rg4 53. Ra5 h4 54. Rxa7 h3 55. Ra8 Rxg5 56. Rh8 Rh5 57. Rg8+ Kf5 58. Rg1
h2 59. Rh1 Kg4 0-1

[Event "16th South Wales Int 2019"]
[Site "Bridgend"]
[Date "2019.07.11"]
[Round "7.26"]
[White "Robertson, Jim"]
[Black "Orton, Paul"]
[Result "1-0"]
[WhiteElo "1580"]
[BlackElo "1584"]
[PlyCount "91"]
[EventDate "2019.07.07"]
[EventType "swiss"]
[EventRounds "9"]
[EventCountry "WLS"]

1. d4 Nf6 2. e3 g6 3. f4 Bg7 4. Nf3 O-O 5. c3 d6 6. Bc4 Nbd7 7. O-O e5 8. dxe5
dxe5 9. fxe5 Ng4 10. e6 Nde5 11. Nxe5 Nxe5 12. exf7+ Nxf7 13. Qxd8 Rxd8 14.
Bxf7+ Kh8 15. e4 Bg4 16. Bc4 Re8 17. h3 Bd7 18. Nd2 Re7 19. Bb3 Bc6 20. Nf3 h6
21. e5 Bd7 22. Bf4 Rae8 23. Nh4 Kh7 24. Nxg6 Kxg6 25. Bc2+ Bf5 26. Bxf5+ Kxf5
27. Bxh6+ Kg6 28. Bxg7 Kxg7 29. Rae1 Rxe5 30. Rxe5 Rxe5 31. g4 Re3 32. Kg2 Kg6
33. Rf3 Re2+ 34. Rf2 Re4 35. Rd2 Re7 36. a4 c6 37. b4 Kg5 38. Rf2 Re3 39. Rf5+
Kg6 40. Rf3 Re2+ 41. Kg3 Re1 42. h4 Re4 43. h5+ Kg5 44. Rf5+ Kh6 45. Rf6+ Kg5
46. Rg6# 1-0

[Event "16th South Wales Int 2019"]
[Site "Bridgend"]
[Date "2019.07.11"]
[Round "7.27"]
[White "Chung, Ethan Cheung Jing"]
[Black "Blackmore, Simon"]
[Result "1/2-1/2"]
[WhiteElo "1572"]
[BlackElo "1682"]
[PlyCount "107"]
[EventDate "2019.07.07"]
[EventType "swiss"]
[EventRounds "9"]
[EventCountry "WLS"]

1. Nf3 Nf6 2. g3 c6 3. Bg2 d5 4. d3 Bg4 5. O-O Nbd7 6. c4 dxc4 7. dxc4 Bxf3 8.
exf3 e6 9. Nc3 Ne5 10. Qe2 Qc7 11. Bf4 Bd6 12. c5 Nxf3+ 13. Qxf3 Bxf4 14. gxf4
O-O-O 15. Rad1 Nd5 16. Nxd5 cxd5 17. b4 h6 18. b5 g5 19. Rc1 Qa5 20. b6 axb6
21. cxb6+ Kb8 22. Qe3 Rd6 23. Qe5 Rhd8 24. Rc2 gxf4 25. Rfc1 Qxb6 26. Qxf4 Ka7
27. Qxf7 e5 28. Rc3 Rf6 29. Qc7 Qxf2+ 30. Kh1 Rg8 31. Qc5+ Qxc5 32. Rxc5 e4 33.
Rxd5 Rf2 34. Bxe4 Rxa2 35. Rd7 Rb2 36. Ra1+ Kb8 37. Rad1 Kc8 38. Bf5 Kb8 39.
R7d2 Rxd2 40. Rxd2 Kc7 41. Rd7+ Kc6 42. Rh7 Kd6 43. Rxh6+ Ke7 44. Rb6 Rb8 45.
Kg2 Kf7 46. Kg3 Rg8+ 47. Kf4 Rb8 48. h4 Kg7 49. h5 Kh8 50. h6 Kg8 51. h7+ Kh8
52. Kg5 Rf8 53. Rxb7 Rxf5+ 54. Kxf5 1/2-1/2

[Event "16th South Wales Int 2019"]
[Site "Bridgend"]
[Date "2019.07.11"]
[Round "7.28"]
[White "Williams, David J"]
[Black "Chung, Joel"]
[Result "1/2-1/2"]
[WhiteElo "1519"]
[BlackElo "1475"]
[PlyCount "57"]
[EventDate "2019.07.07"]
[EventType "swiss"]
[EventRounds "9"]
[EventCountry "WLS"]

1. e4 e5 2. Nf3 Nc6 3. Bc4 Nf6 4. d3 Bc5 5. O-O d6 6. h3 Be6 7. Bb3 h6 8. c3
Bxb3 9. axb3 O-O 10. Be3 Bxe3 11. fxe3 Ne7 12. Nh4 Ng6 13. Nf5 Ne7 14. Nd2 Nxf5
15. Rxf5 g6 16. Rf3 d5 17. Qf1 Nh7 18. exd5 Qxd5 19. e4 Qc5+ 20. Kh1 a6 21. Rg3
Rad8 22. b4 Qe7 23. Nf3 Nf6 24. Ra5 b5 25. Rxa6 Nh5 26. Rg4 Nf6 27. Rh4 Nh5 28.
Kh2 Kg7 29. Rg4 1/2-1/2

[Event "16th South Wales Int 2019"]
[Site "Bridgend"]
[Date "2019.07.11"]
[Round "7.29"]
[White "Emblem, Mark"]
[Black "Jaberansari, Daniel"]
[Result "0-1"]
[WhiteElo "1513"]
[BlackElo "1383"]
[PlyCount "58"]
[EventDate "2019.07.07"]
[EventType "swiss"]
[EventRounds "9"]
[EventCountry "WLS"]

1. d4 Nf6 2. Bf4 g6 3. e3 Bg7 4. Nf3 d6 5. Nc3 Nfd7 6. Qd2 Nc6 7. O-O-O O-O 8.
h4 e5 9. Bg3 a6 10. e4 b5 11. d5 Ne7 12. h5 b4 13. Ne2 a5 14. Kb1 Nf6 15. Rh4
b3 16. a3 bxc2+ 17. Qxc2 Nexd5 18. exd5 Bf5 19. Rd3 Bxd3 20. Qxd3 e4 21. Rxe4
Nxe4 22. Qxe4 Qf6 23. Nc3 Rab8 24. Qc2 Qxc3 25. Qxc3 Bxc3 26. Kc1 Bxb2+ 27. Kd1
Bg7 28. Bf4 Rb1+ 29. Ke2 Re8+ 0-1

[Event "16th South Wales Int 2019"]
[Site "Bridgend"]
[Date "2019.07.11"]
[Round "8.1"]
[White "Camacho Collados, Jose"]
[Black "Davies, Nigel R"]
[Result "1-0"]
[WhiteElo "2408"]
[BlackElo "2484"]
[PlyCount "97"]
[EventDate "2019.07.07"]
[EventType "swiss"]
[EventRounds "9"]
[EventCountry "WLS"]

1. Nf3 Nf6 2. g3 d5 3. Bg2 c6 4. O-O Bg4 5. b3 Nbd7 6. Bb2 e6 7. d3 Bd6 8. h3
Bh5 9. e4 Bxf3 10. Qxf3 O-O 11. Qe2 dxe4 12. dxe4 e5 13. Nd2 b5 14. a4 a6 15.
Rfd1 Qc7 16. Nf1 Rad8 17. Ne3 Bc5 18. Bf3 Rfe8 19. Kg2 Nf8 20. Nf5 Ne6 21. c3
Ng5 22. Bc1 Rxd1 23. Qxd1 Rd8 24. Qe2 Nxf3 25. Qxf3 Ne8 26. b4 Bb6 27. Qg4 Kh8
28. h4 f6 29. h5 Qc8 30. Qh4 Qe6 31. axb5 axb5 32. Ra6 Rb8 33. Be3 Bxe3 34.
Nxe3 Rc8 35. h6 g6 36. Qg4 Qxg4 37. Nxg4 Kg8 38. Ra7 Rc7 39. Nxf6+ Kf7 40.
Rxc7+ Nxc7 41. Nxh7 Ne6 42. f4 exf4 43. gxf4 Nxf4+ 44. Kf3 Nd3 45. Ke3 Ne5 46.
Ng5+ Kf6 47. h7 Kg7 48. Kd4 Nd7 49. e5 1-0

[Event "16th South Wales Int 2019"]
[Site "Bridgend"]
[Date "2019.07.11"]
[Round "8.2"]
[White "Korneev, Oleg"]
[Black "Roberson, Peter T"]
[Result "1/2-1/2"]
[WhiteElo "2523"]
[BlackElo "2429"]
[PlyCount "120"]
[EventDate "2019.07.07"]
[EventType "swiss"]
[EventRounds "9"]
[EventCountry "WLS"]

1. e4 e6 2. d4 d5 3. Nd2 c5 4. Ngf3 cxd4 5. Nxd4 Nf6 6. exd5 Qxd5 7. Nb5 Na6 8.
Nc3 Qd6 9. a3 Bd7 10. Qf3 Bc6 11. Bb5 Bxb5 12. Nxb5 Qe5+ 13. Qe2 Qxe2+ 14. Kxe2
Be7 15. c4 O-O 16. b4 Rfc8 17. Bb2 Nb8 18. Bxf6 Bxf6 19. Rad1 Be7 20. c5 b6 21.
cxb6 axb6 22. Rc1 Nd7 23. Nc4 Rab8 24. g3 Nf6 25. Rhd1 Kf8 26. Ne5 Ke8 27. Nc7+
Kf8 28. Nb5 Ke8 29. Nc7+ Kf8 30. Nd7+ Nxd7 31. Rxd7 Bd8 32. Kd2 g5 33. Nb5 Rxc1
34. Kxc1 g4 35. Kc2 Ke8 36. Ra7 Be7 37. Kb3 h5 38. a4 Rd8 39. Nc7+ Kf8 40. Ra8
Kg7 41. Rxd8 Bxd8 42. Nb5 Kf6 43. Nd4 Bc7 44. Nb5 Bd8 45. Nd6 e5 46. Kc4 Ke6
47. Nb7 Bc7 48. a5 bxa5 49. bxa5 f5 50. Kc5 Kd7 51. a6 Bb8 52. Kb6 Bc7+ 53. Kb5
Bb8 54. Nc5+ Kc8 55. Kb6 Bc7+ 56. Kc6 Bb8 57. Nb7 Ba7 58. Nd6+ Kb8 59. Nxf5
Bxf2 60. Kd5 Bg1 1/2-1/2

[Event "16th South Wales Int 2019"]
[Site "Bridgend"]
[Date "2019.07.11"]
[Round "8.3"]
[White "Chatalbashev, Boris"]
[Black "Rudd, Jack"]
[Result "1-0"]
[WhiteElo "2518"]
[BlackElo "2275"]
[PlyCount "61"]
[EventDate "2019.07.07"]
[EventType "swiss"]
[EventRounds "9"]
[EventCountry "WLS"]

1. d4 d5 2. c4 c6 3. Nf3 Nf6 4. g3 g6 5. Qb3 Bg7 6. Bg2 O-O 7. O-O Qb6 8. Nc3
Be6 9. c5 Qa6 10. Ng5 Bc8 11. Re1 b6 12. cxb6 axb6 13. e4 e6 14. Bf4 Rd8 15.
Bc7 Rd7 16. Bf1 Qb7 17. Bxb6 h6 18. Nf3 Nxe4 19. Rxe4 dxe4 20. Nxe4 Na6 21. Ne5
Rd5 22. Rc1 Rb8 23. Nxc6 Ra8 24. Bg2 Qd7 25. Ne5 Qb5 26. Qxb5 Rxb5 27. Nd6 Rxb6
28. Nxc8 Rab8 29. Nxb6 Rxb6 30. Rc8+ Kh7 31. Rc6 1-0

[Event "16th South Wales Int 2019"]
[Site "Bridgend"]
[Date "2019.07.11"]
[Round "8.4"]
[White "Toczek, Grzegorz"]
[Black "Bullen, Alex"]
[Result "1/2-1/2"]
[WhiteElo "2249"]
[BlackElo "2118"]
[PlyCount "27"]
[EventDate "2019.07.07"]
[EventType "swiss"]
[EventRounds "9"]
[EventCountry "WLS"]

1. c4 e6 2. Nf3 d5 3. g3 Nf6 4. Bg2 Be7 5. d4 O-O 6. O-O dxc4 7. Qa4 a6 8. Qxc4
b5 9. Qc2 Bb7 10. Rd1 Be4 11. Qd2 Nbd7 12. Nc3 Bb7 13. Qe1 c5 14. dxc5 1/2-1/2

[Event "16th South Wales Int 2019"]
[Site "Bridgend"]
[Date "2019.07.11"]
[Round "8.5"]
[White "Petrov, Marian"]
[Black "Nasuta, Grzegorz"]
[Result "0-1"]
[WhiteElo "2463"]
[BlackElo "2529"]
[PlyCount "102"]
[EventDate "2019.07.07"]
[EventType "swiss"]
[EventRounds "9"]
[EventCountry "WLS"]

1. e4 e5 2. Nc3 Nf6 3. g3 d5 4. exd5 Nxd5 5. Bg2 Nxc3 6. bxc3 Nc6 7. Nf3 Bc5 8.
O-O O-O 9. d3 Bb6 10. a4 f6 11. Be3 Be6 12. Nd2 Qd7 13. Qb1 Rad8 14. Qb5 a6 15.
Qb2 Bxe3 16. fxe3 b6 17. Rf2 Kh8 18. c4 a5 19. Bxc6 Qxc6 20. e4 Bd7 21. Qa3 Qe6
22. Nf1 Bc6 23. Ne3 Qd6 24. Qxd6 Rxd6 25. Nd5 Rd7 26. g4 Rdf7 27. Kf1 g6 28.
Ne3 Kg7 29. Rf3 Rh8 30. Kg2 h5 31. h3 hxg4 32. hxg4 Rff8 33. Rh3 Rxh3 34. Kxh3
Rh8+ 35. Kg3 Kh6 36. Nd5 Bxd5 37. cxd5 Kg5 38. Ra3 f5 39. gxf5 gxf5 40. Rc3 f4+
41. Kf3 Rh3+ 42. Kg2 Kg4 43. Rxc7 f3+ 44. Kg1 Kf4 45. Kf2 Rh2+ 46. Kg1 Rg2+ 47.
Kf1 Rd2 48. Kg1 Ke3 49. d6 f2+ 50. Kg2 Rd1 51. Rf7 Rg1+ 0-1